00644nai a2200169Ia 4500003000900000008004100009022002200050022002300072040001600095245003900111260008600150310001300236362002400249521006900273650003900342856009300381IN-BaIIA211028c9999 xx s 000 0 eng d a1949-307X (Print) a1949-3088 (Online) cIIA Library 0aIEEE Magnetics Lettersh[eJournal] aNew York, USAbThe Institute of Electrical and Electronics Engineers, Inc. (IEEE) aAnnually a1(); 2010 - Present bSubscribed through National Knowledge Resource Consortium (NKRC) aFields, Waves and Electromagnetics uhttps://ieeexplore.ieee.org/servlet/opac?punumber=5165412yClick Here to Access eJournal